=LDR 00000nam 2200000 4500 =001 INLIS00000000000078 =005 20260702043538 =020 ##$$a 979-9481-93-7 =082 ##$$a 026.527 =100 1#$$a Suhaeni, Neni =245 1 $$a Petunjuk Praktis Beternak Kambing /$c Neni Suhaeni =300 ##$$a 52 ; 14,5 x 21